000 00975nam0a2200301 4500
001 RU\NLR\bibl\1757532
005 20260405213850.0
010 _a978-5-904844-05-9
021 _aRU
_b2011-19649
_91392
035 _a(NLR Aleph) 001748361
090 _a1503097
_c1503097
100 _a20110412d2010 |||y0rusy50 ca
101 0 _arus
102 _aRU
105 _aa |||||||||
200 1 _aДеревенское колдовство
_f[Амазарак]
210 _aНижний Новгород
_cИздатель А.Г. Москвичев
_d2010
215 _a437, [2] с.
_cил.
_d21
300 _aАвт. указан в вып. дан.
606 1 _aКолдовство
_91265374
_3RU\NLR\auth\66202430
686 _aЭ240.03
700 0 _4070
_8rus
_7ca
_aАмазарак
_cпсевдоним
_3RU\NLR\AUTH\7796861
_979787
801 0 _aRU
_bNLR
_c20110412
_gRCR
801 1 _aRU
_bNLR
_c20110412
942 _cBOOK
980 _aNB
980 _aNBR